|
|
|
|
| LEADER |
00981nam a2200277 a 4500 |
| 001 |
2437959 |
| 008 |
100107s1988 enk b 001 0 eng d |
| 010 |
|
|
|a 88026141
|
| 020 |
|
|
|a 0860912191
|
| 020 |
|
|
|a 0860919315 (pbk.)
|
| 040 |
|
|
|a DLC
|c DLC
|d DLC
|
| 082 |
0 |
0 |
|a 305.4/2
|2 19
|
| 100 |
1 |
|
|a Barrett, Michèle.
|
| 245 |
1 |
0 |
|a Women's oppression today :
|b the Marxist/feminist encounter /
|c Michèle Barrett.
|
| 250 |
|
|
|a Rev. ed.
|
| 260 |
|
|
|a London ;
|a New York :
|b Verso,
|c 1988.
|
| 300 |
|
|
|a xxxiv, 269 p. ;
|c 23 cm.
|
| 504 |
|
|
|a Includes Bibliography (p. [261]-264.) and index.
|
| 541 |
1 |
|
|e 00004244
|
| 650 |
|
0 |
|a Feminism.
|
| 650 |
|
0 |
|a Women and socialism.
|
| 650 |
|
0 |
|a Women's rights.
|
| 650 |
|
0 |
|a Sexism.
|
| 852 |
4 |
|
|a Ayesha Abed Library
|j General shelf
|
| 999 |
|
|
|c 6819
|d 6819
|
| 952 |
|
|
|0 0
|1 0
|2 ddc
|4 0
|6 305_420000000000000_BAR_1988
|7 0
|9 7019
|a BRACUL
|b BRACUL
|c GEN
|d 2010-01-10
|g 1428.90
|l 2
|m 3
|o 305.42 BAR
|p 3010004244
|q 2026-05-21
|r 2026-05-11
|s 2026-05-11
|t 1
|w 2010-01-10
|y BK
|